000
00309nam a2200121Ia 4500
008
230303s9999 xx 000 0 und d
041
_a
eng
082
_a
621.31 RAM
100
_a
RAM (BADRI), VISHWAKARMA (D.N)
245
_a
Power System Protection and Switchgear
260
_a
New Delhi
_b
TMH
365
_c
RS
999
_c
183054
_d
183054